|
|
|
|
| LEADER |
01532nam a2200277 u 4500 |
| 001 |
10052214 |
| 003 |
upatras |
| 005 |
20250327123640.0 |
| 008 |
050118m19941990gr 1 gre d |
| 040 |
|
|
|a GR-PaULI
|b gre
|c GR-PaULI
|e AACR2
|
| 041 |
0 |
|
|a gre
|
| 082 |
0 |
4 |
|2 22
|a 235.2
|
| 100 |
1 |
|
|a Παπαδόπουλος, Στυλιανός Γ.,
|d 1933-2012
|e συγγραφέας
|9 44354
|
| 245 |
1 |
0 |
|a Πατρολογία /
|c Στυλιανού Γ. Παπαδόπουλου.
|
| 260 |
|
|
|a Αθήνα :
|b Παρουσία,
|c 1990-1994.
|
| 300 |
|
|
|a 2 τ. ;
|c 24 εκ.
|
| 504 |
|
|
|a Περιέχει βιβλιογραφικές παραπομπές και ευρετήριο.
|
| 505 |
0 |
|
|a τ.1. Εισαγωγή, Β΄ και Γ΄ αιώνας. - 2η έκδ. - 502 σ. - 1994 --
|a τ.2. Ο τέταρτος αιώνας: ανατολή και δύση. - 757 σ. - 1990.
|
| 650 |
|
4 |
|a Πατέρες της Εκκλησίας
|9 26220
|
| 852 |
|
|
|a GR-PaULI
|b ΠΑΤΡΑ
|b ΠΤΔΕ
|k ΑΣΧΕ
|h 235.2 ΠΑΠ
|m 3645
|p 025000032892
|t 1
|3 τ.1
|
| 852 |
|
|
|a GR-PaULI
|b ΠΑΤΡΑ
|b ΠΤΔΕ
|k ΑΣΧΕ
|h 235.2 ΠΑΠ
|m 3646
|p 025000032893
|t 1
|3 τ.2
|
| 942 |
|
|
|2 ddc
|c BK
|
| 952 |
|
|
|0 0
|1 0
|3 τ.1
|4 0
|6 235_200000000000000_ΠΑΠ
|7 0
|9 45376
|a PTDE
|b PTDE
|d 2016-04-24
|i 3645
|l 0
|o 235.2 ΠΑΠ
|p 025000032892
|r 2016-04-24 00:00:00
|t 1
|w 2016-04-24
|y BK15
|
| 952 |
|
|
|0 0
|1 0
|3 τ.2
|4 0
|6 235_200000000000000_ΠΑΠ
|7 0
|9 45377
|a PTDE
|b PTDE
|d 2016-04-24
|i 3646
|l 0
|o 235.2 ΠΑΠ
|p 025000032893
|r 2016-04-24 00:00:00
|t 1
|w 2016-04-24
|y BK15
|
| 998 |
|
|
|c ΤΣΕΝΕ
|d 2005-01
|
| 999 |
|
|
|c 28904
|d 28904
|